[Event "252nd YMCA Autumn A2"]
[Site "Warsaw"]
[Date "2021.10.12"]
[Round "1"]
[White "Niedbal, Piotr"]
[Black "Matyszkiewicz, Wiktor"]
[Result "1-0"]
[WhiteElo "1837"]
[BlackElo "1756"]
[PlyCount "91"]
[EventDate "2021.09.24"]
[EventType "tourn"]
[EventRounds "2"]
[EventCountry "POL"]
[SourceDate "2021.09.24"]

1. e4 c5 2. Nf3 d6 3. d4 cxd4 4. Nxd4 Nf6 5. Nc3 Nc6 6. Bg5 e6 7. Qd2 a6 8.
O-O-O Bd7 9. f4 b5 10. Qe3 Nxd4 11. Qxd4 h6 12. Bxf6 gxf6 13. Be2 h5 14. Rhf1
Rb8 15. Bd3 b4 16. Ne2 a5 17. f5 e5 18. Qd5 Qc7 19. Bc4 Bc6 20. Qd3 a4 21. Kb1
Qb7 22. Bd5 Bxd5 23. exd5 Qb5 24. Qe4 Rc8 25. Rfe1 Kd7 26. Qh4 Qc4 27. Qxf6
Qxc2+ 28. Ka1 Rh7 29. Qh4 Rc4 30. Qh3 f6 31. Qe3 Bh6 32. Qa7+ Rc7 33. Qa5 Bd2
34. Qb5+ Kd8 35. Nd4 Bxe1 36. Nxc2 Rxc2 37. Rxe1 Rhc7 38. Rb1 b3 39. a3 Rxg2
40. Qxa4 Rxh2 41. Qxb3 Rg2 42. Qb8+ Kd7 43. Qf8 h4 44. Qxf6 h3 45. Qe6+ Kd8 46.
f6 1-0

[Event "252nd YMCA Autumn A2"]
[Site "Warsaw"]
[Date "2021.10.04"]
[Round "1"]
[White "Kuc, Mariusz"]
[Black "Kalejta, Arkadiusz"]
[Result "1/2-1/2"]
[WhiteElo "1910"]
[BlackElo "1784"]
[PlyCount "88"]
[EventDate "2021.09.24"]
[EventType "tourn"]
[EventRounds "2"]
[EventCountry "POL"]
[SourceDate "2021.09.24"]

1. e4 e5 2. f4 exf4 3. Nf3 Nf6 4. e5 Nh5 5. Bc4 Be7 6. O-O O-O 7. d4 d5 8. Be2
Bg4 9. c4 dxc4 10. Nc3 g6 11. Ne4 Nc6 12. Nf2 Bxf3 13. Bxf3 Qxd4 14. Bxh5 gxh5
15. Qxh5 Qxe5 16. Qg4+ Qg5 17. Bxf4 Qxg4 18. Nxg4 f5 19. Nh6+ Kg7 20. Rf3 Bc5+
21. Kh1 Ne7 22. g4 fxg4 23. Nxg4 Nf5 24. Raf1 Bd6 25. Bd2 h5 26. Bc3+ Kg6 27.
Ne5+ Bxe5 28. Bxe5 Rae8 29. Bxc7 Rf7 30. Bf4 Ref8 31. Rg1+ Kf6 32. Rf2 Ke6 33.
Rd2 Nd4 34. Re1+ Kd5 35. Be5 Rf1+ 36. Rxf1 Rxf1+ 37. Kg2 Kxe5 38. Kxf1 Ke4 39.
Kf2 b5 40. Rd1 b4 41. Rc1 Kd3 42. Rd1+ Ke4 43. Rc1 Kd3 44. Rd1+ Ke4 1/2-1/2

[Event "252nd YMCA Autumn A2"]
[Site "Warsaw"]
[Date "2021.09.24"]
[Round "1"]
[White "Lewandrowski, Tomasz"]
[Black "Adamski, Adam"]
[Result "1-0"]
[WhiteElo "1814"]
[BlackElo "1704"]
[PlyCount "103"]
[EventDate "2021.09.24"]
[EventType "tourn"]
[EventRounds "2"]
[EventCountry "POL"]
[SourceDate "2021.09.24"]

1. d4 Nf6 2. Bf4 c5 3. d5 Qb6 4. Nc3 Qxb2 5. Bd2 Qb6 6. e4 d6 7. f4 Bg4 8. Qc1
g6 9. Rb1 Qc7 10. Bb5+ Bd7 11. Bc4 Bg7 12. Nf3 O-O 13. O-O Bg4 14. Ne1 Nfd7 15.
Nb5 Qc8 16. h3 Nb6 17. Nxa7 Rxa7 18. Rxb6 Qc7 19. Qb1 Bc8 20. Nf3 Nd7 21. Rb3
b6 22. e5 Ba6 23. Bxa6 Rxa6 24. e6 fxe6 25. Ng5 exd5 26. Ne6 Qa7 27. Nxf8 Nxf8
28. Re1 e6 29. a4 Rxa4 30. Rxb6 Ra1 31. Qb5 c4 32. Kh2 Rxe1 33. Bxe1 Qa1 34.
Bg3 Bd4 35. Qb1 Qa3 36. Rb8 Qe3 37. Qe1 Qxe1 38. Bxe1 Bc5 39. Bh4 g5 40. Bxg5
Kf7 41. Rb7+ Kg6 42. Be7 Kf5 43. Bxf8 Kxf4 44. Bh6+ Ke4 45. Rxh7 d4 46. Bc1 d3
47. Rh4+ Kd5 48. c3 e5 49. Kg3 e4 50. Kf4 Ba3 51. Bd2 Kc5 52. Be3+ 1-0

[Event "252nd YMCA Autumn A2"]
[Site "Warsaw"]
[Date "2021.10.01"]
[Round "2"]
[White "Matyszkiewicz, Wiktor"]
[Black "Adamski, Adam"]
[Result "0-1"]
[WhiteElo "1756"]
[BlackElo "1704"]
[PlyCount "98"]
[EventDate "2021.09.24"]
[EventType "tourn"]
[EventRounds "2"]
[EventCountry "POL"]
[SourceDate "2021.09.24"]

1. e4 c5 2. Nf3 d6 3. d4 cxd4 4. Nxd4 Nf6 5. Nc3 a6 6. Bg5 e6 7. f4 h6 8. Bh4
Qb6 9. Qd2 Qxb2 10. Rb1 Qa3 11. Be2 Be7 12. O-O Nc6 13. Kh1 Nxd4 14. Qxd4 Qc5
15. Qd3 b5 16. e5 dxe5 17. fxe5 Nd7 18. Bf2 Qc7 19. Bd4 O-O 20. Ne4 Bb7 21.
Nf6+ Nxf6 22. exf6 Bc5 23. Bxc5 Qxc5 24. fxg7 Rfd8 25. Qh3 Qg5 26. Rb3 Rd4 27.
Rf2 Rad8 28. Rg3 Qh4 29. Qxh4 Rxh4 30. Rc3 Rd7 31. Kg1 Ra4 32. a3 f5 33. g3
Rad4 34. Bd3 Kxg7 35. Re2 Kf6 36. Kf2 e5 37. Re1 h5 38. Rc5 e4 39. Bf1 Rd2+ 40.
Re2 Rxe2+ 41. Kxe2 Bd5 42. Rc8 Bc4+ 43. Ke1 Bxf1 44. Kxf1 Rd2 45. Rc6+ Kg5 46.
Rxa6 Rxc2 47. Rb6 Rxh2 48. Rxb5 Ra2 49. Rb3 h4 0-1

[Event "252nd YMCA Autumn A2"]
[Site "Warsaw"]
[Date "2021.10.01"]
[Round "2"]
[White "Kalejta, Arkadiusz"]
[Black "Lewandrowski, Tomasz"]
[Result "0-1"]
[WhiteElo "1784"]
[BlackElo "1814"]
[PlyCount "72"]
[EventDate "2021.09.24"]
[EventType "tourn"]
[EventRounds "2"]
[EventCountry "POL"]
[SourceDate "2021.09.24"]

1. e4 e6 2. d4 d5 3. Nd2 dxe4 4. Nxe4 Bd7 5. Nf3 Bc6 6. Bd3 Nd7 7. Qe2 Ngf6 8.
Bg5 Be7 9. O-O O-O 10. Rad1 h6 11. Nxf6+ Bxf6 12. Bxf6 Qxf6 13. Ne5 Nxe5 14.
dxe5 Qf4 15. c3 Rfd8 16. Bc4 a6 17. f3 Ba4 18. b3 Rxd1 19. Rxd1 Bc6 20. Rd4
Qc1+ 21. Rd1 Qxc3 22. Rd3 Qa5 23. Qd1 Qxe5 24. b4 a5 25. b5 Qc5+ 26. Kh1 Qxc4
27. bxc6 Qxc6 28. h3 b5 29. Qd2 b4 30. f4 Qc4 31. Rg3 c5 32. f5 Qf1+ 33. Kh2
Qxf5 34. Qxh6 Qe5 35. h4 Rd8 36. Kh3 Rd3 0-1

[Event "252nd YMCA Autumn A2"]
[Site "Warsaw"]
[Date "2021.10.11"]
[Round "2"]
[White "Niedbal, Piotr"]
[Black "Kuc, Mariusz"]
[Result "1-0"]
[WhiteElo "1837"]
[BlackElo "1910"]
[PlyCount "103"]
[EventDate "2021.09.24"]
[EventType "tourn"]
[EventRounds "2"]
[EventCountry "POL"]
[SourceDate "2021.09.24"]

1. e4 c5 2. Nf3 Nc6 3. d4 cxd4 4. Nxd4 d6 5. Nc3 e6 6. Be2 Bd7 7. Ndb5 Bc8 8.
Bf4 Ne5 9. Qd4 a6 10. Nxd6+ Qxd6 11. Bxe5 Qxd4 12. Bxd4 Nf6 13. Bf3 Nd7 14. O-O
e5 15. Be3 Bc5 16. Bxc5 Nxc5 17. Nd5 O-O 18. Rad1 Be6 19. Nc7 Rac8 20. Nxe6
Nxe6 21. c3 Rcd8 22. Rd5 Nf4 23. Rxe5 Rd2 24. Rf5 Ne2+ 25. Bxe2 Rxe2 26. Rb1
Rxe4 27. Rd5 Rfe8 28. Kf1 Kf8 29. Rbd1 Re2 30. R5d2 R2e7 31. Rd8 Re1+ 32. Rxe1
Rxd8 33. Ke2 Ke7 34. Rd1 Rc8 35. Rd4 b5 36. Kd3 Rc6 37. b3 f5 38. Rd5 Ke6 39.
Rd8 Ke7 40. Rd4 Ke6 41. c4 bxc4+ 42. Rxc4 Rd6+ 43. Kc3 g5 44. a4 h5 45. h4 g4
46. g3 Ke5 47. b4 Rd1 48. b5 axb5 49. axb5 Kd5 50. Rf4 Ke5 51. Kc4 Rc1+ 52. Kb4
1-0

[Event "252nd YMCA Autumn A2"]
[Site "Warsaw"]
[Date "2021.10.08"]
[Round "3"]
[White "Kuc, Mariusz"]
[Black "Matyszkiewicz, Wiktor"]
[Result "0-1"]
[WhiteElo "1910"]
[BlackElo "1756"]
[PlyCount "60"]
[EventDate "2021.09.24"]
[EventType "tourn"]
[EventRounds "2"]
[EventCountry "POL"]
[SourceDate "2021.09.24"]

1. e4 c5 2. Nc3 d6 3. Bc4 Nf6 4. d3 g6 5. f4 Bg7 6. Nf3 O-O 7. O-O Nc6 8. a3 a6
9. Qe1 b5 10. Ba2 b4 11. axb4 Nxb4 12. Bb3 Bb7 13. e5 Nfd5 14. e6 f5 15. Bd2
Qc7 16. g4 fxg4 17. Ne4 gxf3 18. Rxf3 Nf6 19. Rh3 Qc6 20. Qh4 h5 21. Re1 Nxe4
22. dxe4 c4 23. Bxb4 Qb6+ 24. Kf1 Qxb4 25. Ba2 Qxb2 26. Bxc4 Qxc2 27. Bd3 Qd2
28. f5 Rxf5+ 29. Kg1 Rg5+ 30. Kh1 Qg2# 0-1

[Event "252nd YMCA Autumn A2"]
[Site "Warsaw"]
[Date "2021.11.11"]
[Round "3"]
[White "Lewandrowski, Tomasz"]
[Black "Niedbal, Piotr"]
[Result "0-1"]
[WhiteElo "1814"]
[BlackElo "1837"]
[PlyCount "136"]
[EventDate "2021.09.24"]
[EventType "tourn"]
[EventRounds "2"]
[EventCountry "POL"]
[SourceDate "2021.09.24"]

1. d4 Nf6 2. Bf4 d5 3. e3 c5 4. c3 Nc6 5. Nd2 e6 6. Ngf3 cxd4 7. exd4 Qb6 8.
Qb3 Qd8 9. Bb5 Bd7 10. h4 a6 11. Bxc6 Bxc6 12. h5 h6 13. Ne5 Bd6 14. Ndf3 Qc7
15. g3 Ne4 16. Qc2 Qe7 17. Kf1 Bxe5 18. Nxe5 Nf6 19. Kg2 Nd7 20. Nxc6 bxc6 21.
b4 Nb6 22. a4 O-O 23. Rh4 f5 24. Re1 Nc4 25. Rhh1 Rae8 $11 26. Qd3 Qf7 27. Re2
Re7 28. Qf3 Ree8 29. Be5 Re7 30. Qf4 Rd7 31. a5 Re8 32. Qh4 Rf8 33. Bf4 Re7 34.
Rhe1 Kh8 35. f3 Kh7 36. Be5 Ree8 37. Rh1 Re7 38. Qf4 Rd7 39. Rh4 Qe7 40. Qc1
Qf7 41. Qh1 Re7 42. Rf4 Qe8 43. Qh4 Ref7 44. Kg1 Qd7 45. Qh2 Qb7 46. Kh1 Qb5
47. Qf2 Qa4 48. Qe1 Qb5 $11 49. Kh2 Qb7 50. Rg2 Qe7 51. Kg1 Qd8 52. g4 Nxe5 53.
Qxe5 Qf6 54. Qe3 Qe7 55. gxf5 Rxf5 56. Rfg4 R8f7 57. Qd3 Kh8 58. Qxa6 Rxf3 59.
Qc8+ Rf8 60. Qxc6 Rf1+ 61. Kh2 Qf7 62. Rg6 Qf4+ 63. R6g3 Qh4+ 64. Rh3 Qf4+ 65.
Rhg3 Rf2 66. Qxe6 Rxg2+ 67. Kxg2 Qf1+ 68. Kh2 Rf2+ 0-1

[Event "252nd YMCA Autumn A2"]
[Site "Warsaw"]
[Date "2021.10.08"]
[Round "3"]
[White "Adamski, Adam"]
[Black "Kalejta, Arkadiusz"]
[Result "1/2-1/2"]
[WhiteElo "1704"]
[BlackElo "1784"]
[PlyCount "87"]
[EventDate "2021.09.24"]
[EventType "tourn"]
[EventRounds "2"]
[EventCountry "POL"]
[SourceDate "2021.09.24"]

1. e4 e5 2. Nf3 Nc6 3. d4 exd4 4. Nxd4 Nf6 5. Nxc6 bxc6 6. e5 Qe7 7. Qe2 Nd5 8.
c4 Nb6 9. b3 Qe6 10. Nd2 Bb4 11. Bb2 O-O 12. f4 d5 13. exd6 Bxd2+ 14. Kxd2
Qxd6+ 15. Kc1 Qxf4+ 16. Qd2 Qxd2+ 17. Kxd2 Bf5 18. Re1 Rad8+ 19. Kc1 f6 20. Be2
Nd7 21. Ba3 Rfe8 22. Bh5 Rxe1+ 23. Rxe1 Ne5 24. Be2 Kf7 25. Rd1 Re8 26. Rd2 g6
27. Bc5 a5 28. Kb2 Nd7 29. Bf2 Re7 30. Kc3 c5 31. Bf3 Re5 32. Bc6 Nb6 33. Bg3
Re3+ 34. Kb2 Re6 35. Bd7 Re7 36. Bxf5 gxf5 37. Kc3 a4 38. Bf4 axb3 39. axb3 Kg6
40. Rd3 Kf7 41. Rh3 Kg6 42. Rh6+ Kg7 43. Rh3 Kg6 44. Rh6+ $11 1/2-1/2

[Event "252nd YMCA Autumn A2"]
[Site "Warsaw"]
[Date "2021.10.15"]
[Round "4"]
[White "Matyszkiewicz, Wiktor"]
[Black "Kalejta, Arkadiusz"]
[Result "1-0"]
[WhiteElo "1756"]
[BlackElo "1784"]
[PlyCount "109"]
[EventDate "2021.09.24"]
[EventType "tourn"]
[EventRounds "2"]
[EventCountry "POL"]
[SourceDate "2021.09.24"]

1. e4 e5 2. Nf3 Nc6 3. Bc4 Nf6 4. Nc3 Be7 5. O-O O-O 6. d4 d6 7. d5 Na5 8. Be2
b6 9. b4 Nb7 10. Bb2 Bd7 11. Ba6 Qb8 12. Qd3 Nh5 13. Nd2 Nf4 14. Qc4 f5 15. a4
Rf6 16. Ne2 Nxe2+ 17. Qxe2 f4 18. Bb5 Bc8 19. Bc6 a5 20. c3 Ra7 21. Rfb1 Nd8
22. bxa5 Nxc6 23. axb6 Qxb6 24. dxc6 Qxc6 25. Qb5 Qa8 26. Qd5+ Qxd5 27. exd5
Ra5 28. c4 Bd7 29. Ne4 Rf8 30. Nc3 Rfa8 31. Ra2 Kf7 32. Rba1 c6 33. dxc6 Be6
34. Nd5 Bxd5 35. cxd5 Rxd5 36. Rc1 Bd8 37. c7 Rc8 38. cxd8=N+ Ke7 39. Re1 Kxd8
40. Bc1 Ra8 41. g3 g5 42. Kg2 Kd7 43. Re4 Ke6 44. Bd2 Kf5 45. Rc4 h5 46. h4
gxh4 47. gxf4 Rg8+ 48. Kh2 Rd3 49. fxe5 h3 50. Be3 Rd1 51. Rc1 Rd5 52. exd6
Rxd6 53. Kxh3 Ke4 54. Rc4+ Kf3 55. Rf4# 1-0

[Event "252nd YMCA Autumn A2"]
[Site "Warsaw"]
[Date "2021.10.13"]
[Round "4"]
[White "Niedbal, Piotr"]
[Black "Adamski, Adam"]
[Result "1-0"]
[WhiteElo "1837"]
[BlackElo "1704"]
[PlyCount "117"]
[EventDate "2021.09.24"]
[EventType "tourn"]
[EventRounds "2"]
[EventCountry "POL"]
[SourceDate "2021.09.24"]

1. e4 e6 2. d4 b6 3. Nd2 Bb7 4. Ngf3 c5 5. c3 Nf6 6. Bd3 d6 7. O-O Be7 8. Re1
Qc7 9. Nf1 Nc6 10. Ng3 h5 11. d5 exd5 12. exd5 Ne5 13. Bb5+ Kf8 14. Nxe5 dxe5
15. c4 a6 16. Ba4 b5 17. Bb3 Rd8 18. Qe2 bxc4 19. Bxc4 Bxd5 20. Bxd5 Rxd5 21.
Qxa6 g6 22. Bg5 Rd6 23. Qe2 Re6 24. Ne4 Nxe4 25. Bxe7+ Qxe7 26. Qxe4 Kg7 27.
Rac1 Rb8 28. b3 Qa7 29. Qc2 Ra8 30. Re2 Qa6 31. h3 Rc8 32. Qc4 Qxc4 33. Rxc4
Ra6 34. b4 Rca8 35. Rxc5 Rxa2 36. Rcxe5 Rxe2 37. Rxe2 Ra1+ 38. Kh2 Rb1 39. Re4
Rb3 40. g3 Kf6 41. h4 Kf5 42. Rc4 Kf6 43. Kg2 Ke6 44. Kf1 Rb2 45. Ke1 Rb1+ 46.
Ke2 Rb2+ 47. Ke3 Rb3+ 48. Kd4 Kd6 49. Ke4 Rb2 50. Kf3 Rb3+ 51. Kg2 Ke6 52. Rf4
f6 53. Rc4 g5 54. hxg5 fxg5 55. Rc5 Rxb4 56. Rxg5 h4 57. g4 Rf4 58. f3 h3+ 59.
Kg3 1-0

[Event "252nd YMCA Autumn A2"]
[Site "Warsaw"]
[Date "2021.10.15"]
[Round "4"]
[White "Kuc, Mariusz"]
[Black "Lewandrowski, Tomasz"]
[Result "0-1"]
[WhiteElo "1910"]
[BlackElo "1814"]
[PlyCount "72"]
[EventDate "2021.09.24"]
[EventType "tourn"]
[EventRounds "2"]
[EventCountry "POL"]
[SourceDate "2021.09.24"]

1. e4 c5 2. Nc3 Nc6 3. Bb5 Nd4 4. Bc4 d6 5. Nge2 Nf6 6. d3 g6 7. Nxd4 cxd4 8.
Ne2 e5 9. O-O Bg7 10. Ng3 O-O 11. f4 Bg4 12. Qe1 exf4 13. Bxf4 d5 14. Bb3 dxe4
15. Nxe4 Nxe4 16. Qxe4 Qd7 17. Rae1 Rae8 18. Qd5 Be6 19. Qxd7 Bxd7 20. Bd6 Rxe1
21. Rxe1 Re8 22. Rxe8+ Bxe8 23. Bc5 a6 24. Bb6 Bc6 25. Kf2 Be5 26. g3 g5 27.
Ba5 h5 28. Bd2 g4 29. c4 Kg7 30. Bd1 f5 31. a4 h4 32. Bf4 Bxf4 33. gxf4 a5 34.
Bb3 b6 35. Bd1 Kf6 36. Be2 Bxa4 0-1

[Event "252nd YMCA Autumn A2"]
[Site "Warsaw"]
[Date "2021.10.07"]
[Round "5"]
[White "Lewandrowski, Tomasz"]
[Black "Matyszkiewicz, Wiktor"]
[Result "1-0"]
[WhiteElo "1814"]
[BlackElo "1756"]
[PlyCount "109"]
[EventDate "2021.09.24"]
[EventType "tourn"]
[EventRounds "2"]
[EventCountry "POL"]
[SourceDate "2021.09.24"]

1. d4 Nf6 2. Bf4 g6 3. Nc3 d5 4. e3 Bg7 5. h4 O-O 6. h5 c5 7. hxg6 fxg6 8. Qd2
Nc6 9. O-O-O Be6 10. Nf3 Rc8 11. Kb1 Qa5 12. Ne5 c4 13. e4 Nxe4 14. Nxe4 Qxd2
15. Nxd2 Rxf4 16. Nxc6 Rxc6 17. Nf3 Bg4 18. Be2 h6 19. c3 g5 20. Rde1 e6 21.
Ne5 Bf5+ 22. Kc1 Bxe5 23. dxe5 Rxf2 24. g4 Bg6 25. Rxh6 Kg7 26. Rh3 Rc7 27. Kd2
Rcf7 28. Ke3 R2f4 29. Kd2 Re4 30. Re3 Rxe3 31. Kxe3 Rf4 32. Bf3 Be4 33. Be2 Rf8
34. b3 cxb3 35. axb3 b6 36. b4 Rc8 37. Kd4 Rc7 38. Rf1 Rf7 39. Ra1 Kf8 40. Ke3
Ke8 41. c4 Kd8 42. c5 bxc5 43. bxc5 Kc8 44. Ra6 Re7 45. Kd4 Kb7 46. c6+ Kb8 47.
Kc5 Rc7 48. Ra4 d4 49. Bb5 a6 50. Rxa6 Bf3 51. Ra4 Bxg4 52. Rxd4 Bf3 53. Kb6 g4
54. Rd8+ Rc8 55. c7+ 1-0

[Event "252nd YMCA Autumn A2"]
[Site "Warsaw"]
[Date "2021.10.22"]
[Round "5"]
[White "Adamski, Adam"]
[Black "Kuc, Mariusz"]
[Result "1-0"]
[WhiteElo "1704"]
[BlackElo "1910"]
[PlyCount "177"]
[EventDate "2021.09.24"]
[EventType "tourn"]
[EventRounds "2"]
[EventCountry "POL"]
[SourceDate "2021.09.24"]

1. e4 c5 2. Nf3 Nc6 3. d4 cxd4 4. Nxd4 d6 5. Nc3 e6 6. Be3 Nf6 7. Be2 Be7 8.
O-O O-O 9. Nb3 a6 10. a4 d5 11. Bf3 dxe4 12. Nxe4 Qc7 13. Bc5 Rd8 14. Qe2 Bxc5
15. Nexc5 Bd7 16. Rfd1 Rab8 17. Nxd7 Nxd7 18. c3 Nce5 19. Be4 Nf6 20. Nd4 Nxe4
21. Qxe4 Nc4 22. Qe2 Rbc8 23. b3 Nb6 24. Rac1 Nd5 25. c4 Nf4 26. Qe3 e5 27. Nf3
f6 28. g3 Ne6 29. h4 b6 30. Kf1 Qc6 31. Kg1 Rd6 32. Rxd6 Qxd6 33. Qd2 Rd8 34.
Qxd6 Rxd6 35. Rc3 Rd1+ 36. Kg2 Rb1 37. Nd2 Rb2 38. Ne4 Nd4 39. c5 bxc5 40. Nxc5
a5 41. Nb7 Nxb3 42. Nd6 Kf8 43. Rc8+ Ke7 44. Nf5+ Kd7 45. Ra8 g6 46. Ne3 Nc5
47. Rxa5 Kc6 48. Ra7 Nd3 49. Rxh7 Nxf2 50. Kf1 Ne4 51. g4 Kc5 52. Rd7 Ra2 53.
g5 fxg5 54. hxg5 Nd6 55. a5 Rxa5 56. Rxd6 Ra1+ 57. Rd1 Ra4 58. Rd5+ Kc6 59.
Rxe5 Kd6 60. Re8 Kd7 61. Rg8 Re4 62. Kf2 Re6 63. Kf3 Ke7 64. Ra8 Rc6 65. Nd5+
Ke6 66. Nf4+ Ke7 67. Ra7+ Kf8 68. Ke4 Rc4+ 69. Ke5 Rc5+ 70. Kf6 Rf5+ 71. Kxg6
Rxf4 72. Ra8+ Ke7 73. Kg7 Rf7+ 74. Kh8 Rf4 75. g6 Rh4+ 76. Kg7 Rf4 77. Ra7+ Ke8
78. Rf7 Rg4 79. Rf5 Ke7 80. Re5+ Kd8 81. Kh7 Rh4+ 82. Kg8 Kd7 83. g7 Kd6 84.
Re3 Rh1 85. Re4 Rf1 86. Kh7 Rh1+ 87. Kg6 Rg1+ 88. Kh6 Rh1+ 89. Kg5 1-0

[Event "252nd YMCA Autumn A2"]
[Site "Warsaw"]
[Date "2021.10.22"]
[Round "5"]
[White "Kalejta, Arkadiusz"]
[Black "Niedbal, Piotr"]
[Result "0-1"]
[WhiteElo "1784"]
[BlackElo "1837"]
[PlyCount "120"]
[EventDate "2021.09.24"]
[EventType "tourn"]
[EventRounds "2"]
[EventCountry "POL"]
[SourceDate "2021.09.24"]

1. e4 c5 2. Nf3 e6 3. d4 cxd4 4. Nxd4 Nc6 5. Nc3 Qc7 6. Be3 a6 7. Bd3 b5 8.
Nxc6 Qxc6 9. O-O Bb7 10. a4 b4 11. Na2 Nf6 12. c3 Nxe4 13. f3 Bc5 14. Bxe4
Bxe3+ 15. Kh1 d5 16. Nxb4 Qc7 17. Bxd5 O-O 18. Re1 Bf4 19. Bxb7 Qxb7 20. Nd3
Bg5 21. Qc2 Rac8 22. Rab1 Rc4 23. Nf2 Rh4 24. Ne4 Be7 25. g3 Rh6 26. Qg2 Qb3
27. Ra1 Rb8 28. Reb1 Rh5 29. Nd2 Qc2 30. Nc4 Qd3 31. Nd2 Rd5 32. Ne4 f5 33. Nf2
Qc2 34. b4 Qxc3 35. Nd1 Qe1+ 36. Qg1 Qxg1+ 37. Kxg1 Rxb4 38. Rxb4 Bxb4 39. Rc1
a5 40. Kf1 Rd2 41. h4 Ra2 42. Rc6 Kf7 43. Ne3 Rxa4 44. Nc4 Ra2 45. g4 Rh2 46.
Rc7+ Kg6 47. Ne5+ Kh6 48. g5+ Kh5 49. Rxg7 Kxh4 50. Rxh7+ Kg3 51. Rxh2 Kxh2 52.
Ke2 a4 53. Nd3 Bc3 54. Nc1 Kg3 55. Ke3 Kh4 56. Na2 Bb2 57. Kf4 a3 58. Nb4 Kh5
59. Na2 Kg6 60. Nb4 e5+ 0-1

[Event "252nd YMCA Autumn A2"]
[Site "Warsaw"]
[Date "2021.10.29"]
[Round "6"]
[White "Matyszkiewicz, Wiktor"]
[Black "Niedbal, Piotr"]
[Result "1/2-1/2"]
[WhiteElo "1756"]
[BlackElo "1837"]
[PlyCount "59"]
[EventDate "2021.09.24"]
[EventType "tourn"]
[EventRounds "2"]
[EventCountry "POL"]
[SourceDate "2021.09.24"]

1. e4 c5 2. Nf3 e6 3. d4 cxd4 4. Nxd4 Nc6 5. Nc3 Qc7 6. Be2 a6 7. O-O Nf6 8.
Kh1 Bb4 9. Nxc6 bxc6 10. Na4 Be7 11. Qd3 d5 12. f3 O-O 13. Be3 Rb8 14. c3 Rd8
15. Qc2 c5 16. b3 a5 17. e5 Nd7 18. f4 Bb7 19. Bd3 g6 20. Bb5 Nb6 21. Qf2 Nxa4
22. bxa4 Ba8 23. Rab1 Bf8 24. Rfd1 Be7 25. Rd2 Bf8 26. Rdd1 Be7 27. Rd2 Bf8 $11
28. Rdb2 Qa7 29. Rd2 Qc7 30. Rdb2 1/2-1/2

[Event "252nd YMCA Autumn A2"]
[Site "Warsaw"]
[Date "2021.10.29"]
[Round "6"]
[White "Kalejta, Arkadiusz"]
[Black "Kuc, Mariusz"]
[Result "1-0"]
[WhiteElo "1784"]
[BlackElo "1910"]
[PlyCount "39"]
[EventDate "2021.09.24"]
[EventType "tourn"]
[EventRounds "2"]
[EventCountry "POL"]
[SourceDate "2021.09.24"]

1. e4 c5 2. Nf3 Nc6 3. d4 cxd4 4. Nxd4 d6 5. Nc3 e6 6. g4 a6 7. Be3 Be7 8. Rg1
Bd7 9. Qd2 b5 10. f4 b4 11. Nd1 Nf6 12. Bd3 Nxd4 13. Bxd4 e5 14. fxe5 dxe5 15.
Bxe5 Nxg4 16. Bg3 O-O 17. h3 Nf6 18. Ne3 Bc6 19. Be5 Bc5 20. Rxg7+ 1-0

[Event "252nd YMCA Autumn A2"]
[Site "Warsaw"]
[Date "2021.10.04"]
[Round "6"]
[White "Adamski, Adam"]
[Black "Lewandrowski, Tomasz"]
[Result "1/2-1/2"]
[WhiteElo "1704"]
[BlackElo "1814"]
[PlyCount "68"]
[EventDate "2021.09.24"]
[EventType "tourn"]
[EventRounds "2"]
[EventCountry "POL"]
[SourceDate "2021.09.24"]

1. e4 c5 2. b3 e5 3. Bb2 d6 4. Bc4 Nf6 5. Nc3 Nc6 6. h3 g6 7. Nge2 Bg7 8. d3
Be6 9. O-O O-O 10. a4 Nd4 11. Ra2 Nh5 12. f4 exf4 13. Nxf4 Nxf4 14. Rxf4 Be5
15. Rf2 Qh4 16. Ne2 Bg4 17. hxg4 Nxe2+ 18. Rxe2 Bg3 19. Rd2 g5 20. d4 Qh2+ 21.
Kf1 Qh1+ 22. Ke2 Qxg2+ 23. Kd3 Bf2 24. c3 cxd4 25. cxd4 Rac8 26. Qe2 d5 27.
Qxf2 Qxe4+ 28. Kc3 dxc4 29. bxc4 Rxc4+ 30. Kxc4 Rc8+ 31. Kb3 Qd5+ 32. Ka3 Qd6+
33. Kb3 Qd5+ 34. Ka3 Qd6+ $11 1/2-1/2

[Event "252nd YMCA Autumn A2"]
[Site "Warsaw"]
[Date "2021.11.11"]
[Round "7"]
[White "Adamski, Adam"]
[Black "Matyszkiewicz, Wiktor"]
[Result "1-0"]
[WhiteElo "1704"]
[BlackElo "1756"]
[PlyCount "167"]
[EventDate "2021.09.24"]
[EventType "tourn"]
[EventRounds "2"]
[EventCountry "POL"]
[SourceDate "2021.09.24"]

1. e4 c5 2. Nf3 Nc6 3. d4 cxd4 4. Nxd4 Nf6 5. Nc3 d6 6. Bg5 e6 7. Qd2 a6 8.
O-O-O Bd7 9. f3 b5 10. Nxc6 Bxc6 11. Ne2 h6 12. Be3 Be7 13. h4 h5 14. Nd4 Bb7
15. Bg5 Nd7 16. Bxe7 Qxe7 17. Nb3 d5 18. Na5 Nb6 19. Nxb7 Qxb7 20. Qg5 f6 21.
Qe3 Kf7 22. g4 dxe4 23. fxe4 Rad8 24. Rxd8 Rxd8 25. g5 f5 26. g6+ Kf8 27. Bd3
Nc4 28. Qg5 Qc7 29. Bxc4 bxc4 30. exf5 Rd5 31. Rf1 Rxf5 32. Rxf5+ exf5 33.
Qxf5+ Ke8 34. Qe6+ Kf8 $11 35. Qe4 Qa7 36. Kd2 Qf2+ 37. Kc3 Qf6+ 38. Kxc4 Qxb2
39. Qa8+ Ke7 40. Qa7+ Ke8 41. Qe3+ Kf8 42. Qb3 Qa1 43. Kb4 Qe1+ 44. Ka3 Qa5+
45. Kb2 Qe5+ 46. c3 Qf6 47. Qb8+ Ke7 48. Qb7+ Ke8 49. Qe4+ Kf8 50. a4 a5 51.
Qa8+ Ke7 52. Qxa5 Qxg6 53. Qc7+ Ke8 54. a5 Qg2+ 55. Ka3 Qg1 56. Qe5+ Kf8 57.
Qf5+ Ke8 58. Qxh5+ Kf8 59. Qf5+ Kg8 60. Qc8+ Kh7 61. Qc4 Qa1+ 62. Kb4 Qb1+ 63.
Ka4 Qc2+ 64. Kb5 Qf5+ 65. Qc5 Qd7+ 66. Qc6 Qa7 67. c4 Qb8+ 68. Ka6 Qd8 69. h5
Qe7 70. h6 Qd8 71. hxg7 Kxg7 72. c5 Kh8 73. Qb7 Qd3+ 74. Ka7 Qd4 75. Kb8 Qe5+
76. Qc7 Qb2+ 77. Ka7 Qd4 78. a6 Qf2 79. Ka8 Kg8 80. Qd8+ Kh7 81. c6 Qf3 82.
Qc7+ Kh8 83. Qb8+ Kh7 84. Qb7+ 1-0

[Event "252nd YMCA Autumn A2"]
[Site "Warsaw"]
[Date "2021.11.05"]
[Round "7"]
[White "Lewandrowski, Tomasz"]
[Black "Kalejta, Arkadiusz"]
[Result "0-1"]
[WhiteElo "1814"]
[BlackElo "1784"]
[PlyCount "78"]
[EventDate "2021.09.24"]
[EventType "tourn"]
[EventRounds "2"]
[EventCountry "POL"]
[SourceDate "2021.09.24"]

1. d4 d5 2. Bf4 Nf6 3. e3 c5 4. c3 Nc6 5. Nd2 Qb6 6. Qb3 c4 7. Qc2 Nh5 8. Bg5
f6 9. Be2 g6 10. Bxh5 gxh5 11. Bh4 Bg7 12. Ngf3 O-O 13. O-O e5 14. e4 exd4 15.
exd5 dxc3 16. bxc3 Ne5 17. Nxe5 fxe5 18. Nxc4 Qc5 19. Ne3 Bd7 20. Qb3 b6 21.
d6+ Kh8 22. Qd5 Qc8 23. Be7 Rg8 24. Qf3 Qe8 25. Nd5 Bg4 26. Qe4 Qf7 27. Ne3 Bd7
28. Rad1 Rac8 29. c4 Rc5 30. Qh4 Qg6 31. g3 e4 32. Rd5 Rxd5 33. Nxd5 Bd4 34.
Nf6 Bc6 35. Nxg8 Kxg8 36. Qf4 Qf7 37. Qg5+ Kh8 38. Rd1 Qxf2+ 39. Kh1 Qf3# 0-1

[Event "252nd YMCA Autumn A2"]
[Site "Warsaw"]
[Date "2021.11.05"]
[Round "7"]
[White "Kuc, Mariusz"]
[Black "Niedbal, Piotr"]
[Result "1/2-1/2"]
[WhiteElo "1910"]
[BlackElo "1837"]
[PlyCount "26"]
[EventDate "2021.09.24"]
[EventType "tourn"]
[EventRounds "2"]
[EventCountry "POL"]
[SourceDate "2021.09.24"]

1. e4 c5 2. Nc3 e6 3. f4 a6 4. a4 Nc6 5. Nf3 b6 6. Bc4 Bb7 7. O-O Nd4 8. d3
Nxf3+ 9. Qxf3 Nf6 10. f5 Be7 11. fxe6 dxe6 12. Be3 Qc7 13. Rae1 Bd6 $11 1/2-1/2

[Event "252nd YMCA Autumn A2"]
[Site "Warsaw"]
[Date "2021.11.18"]
[Round "8"]
[White "Matyszkiewicz, Wiktor"]
[Black "Kuc, Mariusz"]
[Result "1-0"]
[WhiteElo "1756"]
[BlackElo "1910"]
[PlyCount "65"]
[EventDate "2021.09.24"]
[EventType "tourn"]
[EventRounds "2"]
[EventCountry "POL"]
[SourceDate "2021.09.24"]

1. e4 c5 2. Nf3 Nc6 3. d4 cxd4 4. Nxd4 d6 5. Nc3 e6 6. Be3 Nf6 7. Be2 Be7 8.
Qd2 Bd7 9. O-O-O a6 10. g4 h6 11. h4 Nxd4 12. Qxd4 e5 13. Qd3 Bb5 14. Nxb5 axb5
15. Qxb5+ Kf8 16. Kb1 Qc8 17. f3 g6 18. g5 hxg5 19. hxg5 Nh5 20. f4 Kg8 21.
fxe5 dxe5 22. Qxe5 Qe6 23. Qxe6 fxe6 24. Rd7 Ng3 25. Rxh8+ Kxh8 26. Bd3 Bf8 27.
Bd4+ Kg8 28. Rxb7 Rd8 29. Bf6 Re8 30. Bb5 Ra8 31. Bd7 Ra6 32. Be8 Bc5 33. Bxg6
1-0